000
00315nam a2200133Ia 4500
008
220204s9999 xx 000 0 und d
082
_a
550.4
_b
MAS
100
_a
MASON, Brian
245
0
_a
Principles of geochemistry.
250
_a
Ed.3
260
_a
New York
_b
Wiley
_c
1966
650
_a
Geochemistry
942
_c
BK
999
_c
25777
_d
25777